Computation structures / (Record no. 33271)

MARC details
000 -LEADER
fixed length control field 00814pam a2200253 a 4500
005 - DATE AND TIME OF LATEST TRANSACTION
control field 20230818112750.0
008 - FIXED-LENGTH DATA ELEMENTS--GENERAL INFORMATION
fixed length control field 890801s1990 maua b 000 0 eng
010 ## - LIBRARY OF CONGRESS CONTROL NUMBER
LC control number 89012961
020 ## - INTERNATIONAL STANDARD BOOK NUMBER
ISBN 0262231395
020 ## - INTERNATIONAL STANDARD BOOK NUMBER
ISBN 0070681473
040 ## - CATALOGING SOURCE
Original cataloging agency DLC
Transcribing agency DLC
Modifying agency DLC
082 00 - DEWEY DECIMAL CLASSIFICATION NUMBER
Classification number 621.392
Edition number 20
Item number WAR-C
100 1# - MAIN ENTRY--AUTHOR
Author Name Ward, Stephen A.
245 10 - TITLE STATEMENT
Title Computation structures /
Statement of responsibility, etc. Stephen A. Ward, Robert H. Halstead, Jr.
260 ## - PUBLICATION, DISTRIBUTION, ETC.
Place of Publication Cambridge, Mass. :
Name of publisher, distributor, etc. MIT Press ;
Place of Publication New York :
Name of publisher, distributor, etc. McGraw-Hill,
Date of publication, distribution, etc. c1990.
300 ## - PHYSICAL DESCRIPTION
Pages xx, 789 p. :
504 ## - BIBLIOGRAPHY, ETC. NOTE
Bibliography, etc. note Includes bibliographical references (p. [749]-759).
650 #0 - SUBJECT ADDED ENTRY--TOPICAL TERM
Subject / Department Computers
General subdivision Circuits.
650 #0 - SUBJECT ADDED ENTRY--TOPICAL TERM
Subject / Department Logic design.
650 #0 - SUBJECT ADDED ENTRY--TOPICAL TERM
Subject / Department Computer architecture.
700 1# - ADDED ENTRY--PERSONAL NAME
Personal name Halstead, Robert H.
300 ## - PHYSICAL DESCRIPTION
-- ill. ;
-- 26 cm.
906 ## - LOCAL DATA ELEMENT F, LDF (RLIN)
a 7
b cbc
c orignew
d 1
e ocip
f 19
g y-gencatlg
952 ## - LOCATION AND ITEM INFORMATION (KOHA)
-- 0
-- 0
Holdings
Lost status Damaged status Collection code Permanent Location Current Location Shelving Location Date acquired Full Call Number Accession No./Barcode Date last seen item type Koha item type
    CS/IT Superior Information Resource Center (SIRC) Superior University- Gold Campus Superior Information Resource Center (SIRC) Superior University- Gold Campus Computer Science 08/18/2023 621.392 WAR-C 1991 19655 08/18/2023 BOOK BOOK

Powered by Koha